Związek Radziecki w 2 minuty - Statystyki

Ogólne statystyki
  • Ten quiz został rozwiązany 293 razy
  • Średni wynik to 13 z 15
Statystyki odpowiedzi
Państwa % Poprawnych
Litwa
97%
Łotwa
97%
Ukraina
97%
Estonia
96%
Rosja
93%
Białoruś
92%
Kazachstan
91%
Gruzja
81%
Armenia
76%
Azerbejdżan
76%
Tadżykistan
74%
Kirgistan
73%
Turkmenistan
71%
Mołdawia
69%
Uzbekistan
69%
Nie znaleziono quizów pasujących do podanych kryteriów
Rozkład punktacji
Procent ludzi z każdym wynikiem
Percentyl według liczby udzielonych odpowiedzi
Twoja historia wyników
Nie rozwiązałeś tego quizu